Do promoter holding and firm performance exhibit endogenous relationship?: an analysis from emerging market of India (Record no. 116913)

000 -LEADER
fixed length control field 00533pab a2200181 454500
008 - FIXED-LENGTH DATA ELEMENTS--GENERAL INFORMATION
fixed length control field 180718b2017 xxu||||| |||| 00| 0 eng d
100 ## - MAIN ENTRY--PERSONAL NAME
Personal name Bhatia, Shikha
245 ## - TITLE STATEMENT
Title Do promoter holding and firm performance exhibit endogenous relationship?: an analysis from emerging market of India
260 ## - PUBLICATION, DISTRIBUTION, ETC.
Date of publication, distribution, etc. 2017
300 ## - PHYSICAL DESCRIPTION
Extent p.107-119.
362 ## - DATES OF PUBLICATION AND/OR SEQUENTIAL DESIGNATION
Dates of publication and/or sequential designation May
650 ## - SUBJECT ADDED ENTRY--TOPICAL TERM
Topical term or geographic name entry element Corporate governance
650 ## - SUBJECT ADDED ENTRY--TOPICAL TERM
Topical term or geographic name entry element Markets - India
650 ## - SUBJECT ADDED ENTRY--TOPICAL TERM
Topical term or geographic name entry element Firm
700 ## - ADDED ENTRY--PERSONAL NAME
Personal name Srivastava, Aman
773 ## - HOST ITEM ENTRY
Main entry heading Management and Labour Studies
909 ## -
-- 116919
Holdings
Withdrawn status Lost status Damaged status Not for loan Permanent Location Current Location Date acquired Serial Enumeration / chronology Barcode Date last seen Price effective from Koha item type
        Indian Institute of Public Administration Indian Institute of Public Administration 2018-07-19 Volume no: 42, Issue no: 2 AR117379 2018-07-19 2018-07-19 Articles

Powered by Koha